| 000 | 00712cam a2200241 a 4500 | ||
|---|---|---|---|
| 001 | 17127364 | ||
| 005 | 20180206045542.0 | ||
| 008 | 120119s2012 nyu b 001 0 eng | ||
| 010 | _a 2012002744 | ||
| 020 | _a9781454813682 (alk. paper) | ||
| 040 |
_aDLC _cDLC _dDLC |
||
| 041 | _aeng | ||
| 042 | _apcc | ||
| 080 | _a341 JAN | ||
| 082 | 0 | 0 |
_a341 JAN _223 |
| 100 | 1 | _a14 | |
| 101 | _aJUR | ||
| 245 | 1 | 0 |
_aInternational law / _cMark Weston Janis. |
| 504 | _aIncludes bibliographical references and index. | ||
| 906 |
_a7 _bcbc _corignew _d1 _eecip _f20 _gy-gencatlg |
||
| 942 |
_2ddc _cBK |
||
| 999 |
_c41908 _d41908 |
||